Komentár k zákonu o účtovníctve
Komentár k zákonu o účtovníctve č. 431/2002 Z.z. v znení ďalších zákonov a zákona č. 688/2006 Z.z. Komentár k zmenám, ktoré prinášajú jednotlivé novelizácie.
Gespeichert in:
| 1. Verfasser: | |
|---|---|
| Format: | Buchkapitel |
| Sprache: | Slowakisch |
| Schlagworte: | |
| Tags: |
Keine Tags, Fügen Sie das erste Tag hinzu!
|
MARC
| LEADER | 00000naa$a2200000$$$4500 | ||
|---|---|---|---|
| 001 | 0054896 | ||
| 005 | 20231114095112.3 | ||
| 041 | 0 | |a slo | |
| 044 | |a SK | ||
| 245 | 1 | 0 | |a Komentár k zákonu o účtovníctve |c Viera Kaletová |
| 520 | |a Komentár k zákonu o účtovníctve č. 431/2002 Z.z. v znení ďalších zákonov a zákona č. 688/2006 Z.z. Komentár k zmenám, ktoré prinášajú jednotlivé novelizácie. | ||
| 610 | 2 | 0 | |a účtovníctvo |
| 610 | 2 | 0 | |a zákony |
| 610 | 2 | 0 | |a novelizácia |
| 610 | 2 | 0 | |a Slovensko |
| 610 | 2 | 0 | |a komentáre |
| 100 | 1 | |a Kaletová, Viera | |